00693nam a2200157 a 450000100100000000500170001000800410002704000250006824500560009326000310014930000210018095201050020195201060030695201060041299900170051800004516120201002045929.0150205s1977 pn 000 0 spa d aDO-SdBNPbspacBNPHU00aTratado del canal de Panama :b(Torrijos - Carter). a[Panama] :b[s.d.],c1977. a236 p. ;c22 cm. 001050718MOaGRbGRcCTd2015-02-05iLF1l0o p45161-10r2020-06-25w2020-06-25y1ZNo se presta 0010507-18MOaPDbPDcOId2015-02-05iLF1l0o p45162-10r2020-06-25w2020-06-25y1ZNo se presta 0010507-18MOaPDbPDcOId2015-02-05iLF1l0o p45162-20r2020-06-25w2020-06-25y1ZNo se presta c44650d44650